[Event "HUN-chT2 Barcza 1617"]
[Site "Hungary"]
[Date "2017.03.12"]
[Round "10.7"]
[White "Kiss, Gergely2222"]
[Black "Nyiri, Daniel"]
[Result "1/2-1/2"]
[WhiteElo "2039"]
[BlackElo "1998"]
[PlyCount "121"]
[EventDate "2016.09.25"]
[EventType "team-tourn"]
[EventRounds "11"]
[EventCountry "HUN"]
[SourceTitle "EXT 2021"]
[Source "ChessBase"]
[SourceDate "2020.10.23"]
[SourceVersion "1"]
[SourceVersionDate "2020.10.23"]
[SourceQuality "1"]
[WhiteTeam "Debrecen Sakkbaratok"]
[BlackTeam "Mezokovesd"]
[WhiteTeamCountry "HUN"]
[BlackTeamCountry "HUN"]

1. d4 Nf6 2. Nf3 g6 3. Bg5 Bg7 4. Nbd2 d5 5. e3 0-0 6. Bd3 c5 7. c3 c4 8. Bc2 Nc6 9. 0-0 Bg4 10. h3 Bxf3 11. Nxf3 Ne4 12. Bf4 f5 13. Ng5 Qd7 14. Ba4 a6 15. Bxc6 Qxc6 16. Nf3 b5 17. Ne5 Bxe5 18. Bxe5 Qb6 19. f3 Nf6 20. Qd2 a5 21. Rfe1 Rad8 22. Re2 e6 23. Rae1 Nd7 24. Bf4 Rde8 25. Kh1 Nf6 26. Be5 Nd7 27. Bg3 Nf6 28. Bh4 Qc6 29. Bg3 Rf7 30. Qc2 Nh5 31. Bh2 Nf6 32. Qd2 Kf8 33. Be5 Nd7 34. e4 dxe4 35. fxe4 Nxe5 36. dxe5 Rd7 37. Qh6+ Kg8 38. exf5 exf5 39. Qf4 Re6 40. Rd2 Rxd2 41. Qxd2 Kg7 42. Qd8 Qe8 43. Qd4 a4 44. a3 Qe7 45. Qd5 Qe8 46. Qc5 Qd7 47. Qe3 Qd5 48. Qa7+ Kh6 49. Qf2 Kg7 50. Qe3 Re7 51. e6 Kf6 52. Qh6 Rxe6 53. Qf8+ Kg5 54. Rf1 Re3 55. Kg1 Qe5 56. Qd8+ Qe7 57. Qd4 Kh6 58. Qf4+ Kg7 59. Qd4+ Qe5 60. Qd7+ Kh6 61. Qd2 1/2-1/2

[Event "HUN-chT2 Barcza 1516"]
[Site "Hungary"]
[Date "2016.04.03"]
[Round "10.7"]
[White "Nyiri, Daniel"]
[Black "Gorbe, Szabolcs"]
[Result "1/2-1/2"]
[WhiteElo "2003"]
[BlackElo "1902"]
[PlyCount "67"]
[EventDate "2015.09.13"]
[EventType "team-tourn"]
[EventRounds "11"]
[EventCountry "HUN"]
[SourceTitle "EXT 2017"]
[Source "ChessBase"]
[SourceDate "2016.10.25"]
[SourceVersion "1"]
[SourceVersionDate "2016.10.25"]
[SourceQuality "1"]
[WhiteTeam "Mezokovesd"]
[BlackTeam "Nyiregyhaza"]
[WhiteTeamCountry "HUN"]
[BlackTeamCountry "HUN"]

1. e4 e5 2. Nf3 Nf6 3. Nxe5 d6 4. Nf3 Nxe4 5. d4 d5 6. Bd3 Nc6 7. 0-0 Be7 8. Bf4 Bg4 9. c3 0-0 10. h3 Bh5 11. Nbd2 g5 12. Bg3 Bg6 13. Bxe4 dxe4 14. Ne5 Nxe5 15. Bxe5 b6 16. Qb3 c5 17. Rfe1 cxd4 18. Bxd4 Bf6 19. Nxe4 Bxd4 20. cxd4 Qxd4 21. Nxg5 Qg7 22. Nf3 Bf5 23. Re5 Be6 24. Qe3 Kh8 25. Nd4 Rg8 26. g4 Bxg4 27. hxg4 Qxg4+ 28. Kf1 Qg1+ 29. Ke2 Qxa1 30. Re7 Qxb2+ 31. Kf3 Rg7 32. Re8+ Rxe8 33. Qxe8+ Rg8 34. Qe5+ 1/2-1/2

[Event "HUN-chT2 Barcza 1415"]
[Site "Hungary"]
[Date "2015.03.22"]
[Round "?"]
[White "Nyiri, Daniel"]
[Black "Vass, Laszlo"]
[Result "1-0"]
[WhiteElo "1945"]
[BlackElo "1812"]
[PlyCount "67"]
[EventDate "2014.09.07"]
[EventType "team-tourn"]
[EventRounds "11"]
[EventCountry "HUN"]
[SourceTitle "EXT 2016"]
[Source "ChessBase"]
[SourceDate "2015.10.08"]
[SourceVersion "1"]
[SourceVersionDate "2015.10.08"]
[SourceQuality "1"]
[WhiteTeam "Mezokovesd"]
[BlackTeam "Nadudvar"]
[WhiteTeamCountry "HUN"]
[BlackTeamCountry "HUN"]

1. e4 c5 2. Nf3 d6 3. d4 cxd4 4. Nxd4 Nf6 5. Nc3 a6 6. a4 e6 7. Be2 Be7 8. Be3 0-0 9. Qd2 Qc7 10. 0-0 b6 11. f4 Bb7 12. Bf3 Nbd7 13. f5 Nc5 14. b4 e5 15. bxc5 exd4 16. Bxd4 dxc5 17. Be3 Bd6 18. h3 Be5 19. Rab1 Bxc3 20. Qxc3 Bxe4 21. Bxe4 Nxe4 22. Qb3 b5 23. axb5 axb5 24. Bf4 Qa7 25. Qf3 Qa4 26. Qd3 Rfe8 27. Rxb5 c4 28. Qd7 Qxc2 29. Rb7 Rf8 30. Qd1 Qa2 31. Be5 Rad8 32. Qg4 g6 33. fxg6 hxg6 34. Rbxf7 1-0

[Event "HUN-chT2 Barcza 0910"]
[Site "Hungary"]
[Date "2010.05.02"]
[Round "11.7"]
[White "Suranyi, Gyula"]
[Black "Nyiri, Daniel"]
[Result "1/2-1/2"]
[WhiteElo "1949"]
[BlackElo "2055"]
[PlyCount "60"]
[EventDate "2009.11.08"]
[EventType "team-tourn"]
[EventRounds "11"]
[EventCountry "HUN"]
[SourceTitle "EXT 2011"]
[Source "ChessBase"]
[SourceDate "2010.11.26"]
[SourceVersion "1"]
[SourceVersionDate "2010.11.26"]
[SourceQuality "1"]
[WhiteTeam "Miskolc"]
[BlackTeam "Mezokovesd"]
[WhiteTeamCountry "HUN"]
[BlackTeamCountry "HUN"]

1. d4 Nf6 2. Nf3 g6 3. c4 Bg7 4. Nc3 d6 5. Bg5 Bg4 6. e3 Nbd7 7. Be2 c5 8. 0-0 0-0 9. Rc1 a6 10. h3 Bxf3 11. Bxf3 Rb8 12. a4 Qa5 13. Qd2 Rbc8 14. Bxb7 Rc7 15. Bd5 e6 16. Bf3 cxd4 17. exd4 Rxc4 18. Be3 Rb8 19. Rc2 Nb6 20. b3 Rc7 21. Ne4 Qxd2 22. Rxd2 Nxe4 23. Bxe4 Rc3 24. Rd3 Nd5 25. Rc1 Rbxb3 26. Rdxc3 Rxc3 27. Bxd5 Rxc1+ 28. Bxc1 exd5 29. Be3 Kf8 30. Kf1 Ke7 1/2-1/2

[Event "HUN-chT2 Barcza 0809"]
[Site "Hungary"]
[Date "2009.01.25"]
[Round "6.8"]
[White "Nyiri, Daniel"]
[Black "Adam, Zoltan"]
[Result "1-0"]
[WhiteElo "2065"]
[BlackElo "1923"]
[PlyCount "107"]
[EventDate "2008.10.26"]
[EventType "team-tourn"]
[EventRounds "11"]
[EventCountry "HUN"]
[SourceTitle "EXT 2010"]
[Source "ChessBase"]
[SourceDate "2010.11.25"]
[SourceVersion "1"]
[SourceVersionDate "2010.11.25"]
[SourceQuality "1"]
[WhiteTeam "Mezokovesd"]
[BlackTeam "Miskolc EMSE II"]
[WhiteTeamCountry "HUN"]
[BlackTeamCountry "HUN"]

1. e4 d5 2. exd5 Nf6 3. d4 Bg4 4. Be2 Bxe2 5. Nxe2 Qxd5 6. 0-0 e6 7. Nbc3 Qf5 8. Ng3 Qg4 9. Qxg4 Nxg4 10. Bf4 c6 11. Nge4 Nd7 12. a3 h6 13. b4 Ngf6 14. Rfe1 Nd5 15. Nxd5 cxd5 16. Nc3 Nb6 17. Nb5 Kd7 18. Rec1 Be7 19. Nc3 Rhc8 20. Ne2 Nc4 21. c3 a5 22. a4 g5 23. Be3 axb4 24. cxb4 b6 25. Rcb1 Bd6 26. g3 f5 27. Bc1 Be7 28. f4 g4 29. Kf2 Nd6 30. Ke3 Rc4 31. Bd2 Rcc8 32. Be1 b5 33. a5 Nc4+ 34. Kd3 h5 35. Nc3 Kc6 36. Ra2 Nd6 37. Rc2 Kb7 38. Re2 Ne4 39. Nxb5 Rc4 40. Na3 Rc7 41. Ra2 Rac8 42. Nc2 Rc3+ 43. Bxc3 Rxc3+ 44. Ke2 Rf3 45. Rab2 Rf2+ 46. Kd3 Rxh2 47. b5 Rh3 48. b6 Rxg3+ 49. Ne3 Bd6 50. a6+ Kxa6 51. b7 Ka7 52. Ra2+ Kb8 53. Ra8+ Kc7 54. b8Q+ 1-0

[Event "HUN-chT2 Barcza 0809"]
[Site "Hungary"]
[Date "2008.10.26"]
[Round "1.6"]
[White "Nyiri, Daniel"]
[Black "Potari, Adrian"]
[Result "1/2-1/2"]
[WhiteElo "2065"]
[BlackElo "2050"]
[PlyCount "49"]
[EventDate "2008.10.26"]
[EventType "team-tourn"]
[EventRounds "11"]
[EventCountry "HUN"]
[SourceTitle "EXT 2010"]
[Source "ChessBase"]
[SourceDate "2010.11.25"]
[SourceVersion "1"]
[SourceVersionDate "2010.11.25"]
[SourceQuality "1"]
[WhiteTeam "Mezokovesd"]
[BlackTeam "DEAC"]
[WhiteTeamCountry "HUN"]
[BlackTeamCountry "HUN"]

1. e4 c5 2. Nf3 Nc6 3. d4 cxd4 4. Nxd4 g6 5. Be2 Bg7 6. c3 Nf6 7. Qc2 0-0 8. 0-0 d5 9. Nxc6 bxc6 10. e5 Ng4 11. Bxg4 Bxg4 12. Bf4 a5 13. a4 Qb6 14. Nd2 Rab8 15. b3 Rb7 16. Be3 Qc7 17. f4 c5 18. Rac1 Rc8 19. Nb1 Rcb8 20. Qd2 Qc6 21. b4 d4 22. cxd4 Rxb4 23. d5 Qxa4 24. Nc3 Qd7 25. Bxc5 1/2-1/2

[Event "HUN-chT2 Maroczy 0607"]
[Site "Hungary"]
[Date "2006.11.26"]
[Round "2"]
[White "Nyiri, Daniel"]
[Black "Papp, Balazs"]
[Result "1/2-1/2"]
[WhiteElo "2075"]
[BlackElo "2064"]
[PlyCount "21"]
[EventDate "2006.11.12"]
[EventType "team"]
[EventRounds "11"]
[EventCountry "HUN"]
[SourceTitle "EXT 2008"]
[Source "ChessBase"]
[SourceDate "2007.11.25"]
[SourceVersion "1"]
[SourceVersionDate "2007.11.25"]
[SourceQuality "1"]
[WhiteTeam "Fuzesabony"]
[BlackTeam "Maroczy"]
[WhiteTeamCountry "HUN"]
[BlackTeamCountry "HUN"]

1. e4 c5 2. Nf3 e6 3. d4 cxd4 4. Nxd4 d6 5. Be2 Nf6 6. Nc3 Nc6 7. Be3 Be7 8. 0-0 a6 9. a4 0-0 10. f4 Bd7 11. Nb3 1/2-1/2

[Event "HUN-chT2 Erkel 0405"]
[Site "Hungary"]
[Date "2005.02.20"]
[Round "8"]
[White "Nyiri, Daniel"]
[Black "Kiss, Balazs"]
[Result "1-0"]
[WhiteElo "2060"]
[BlackElo "2111"]
[PlyCount "55"]
[EventDate "2004.09.26"]
[EventType "team"]
[EventRounds "11"]
[EventCountry "HUN"]
[SourceTitle "EXT 2009"]
[Source "ChessBase"]
[SourceDate "2008.11.26"]
[SourceVersion "1"]
[SourceVersionDate "2008.11.26"]
[SourceQuality "1"]
[WhiteTeam "Fuzesabony"]
[BlackTeam "Ujszasz"]
[WhiteTeamCountry "HUN"]
[BlackTeamCountry "HUN"]

1. e4 e6 2. d4 b6 3. Nf3 Bb7 4. Bd3 Nf6 5. e5 Nd5 6. c3 c5 7. 0-0 Be7 8. Nbd2 Nc6 9. Ne4 cxd4 10. cxd4 h6 11. a3 Qc7 12. Bd2 0-0 13. Rc1 Rac8 14. Nc3 Nxc3 15. Rxc3 d6 16. Bb1 Rfd8 17. Qc2 f5 18. d5 exd5 19. Qxf5 dxe5 20. Qe6+ Kh8 21. Qg6 e4 22. Nd4 Qd6 23. Ne6 Bf8 24. Bxh6 gxh6 25. Qf6+ Kh7 26. Qf7+ Kh8 27. Rg3 Ne7 28. Rg7 1-0

[Event "HUN-chT2 Erkel 0304"]
[Site "Hungary"]
[Date "2003.11.16"]
[Round "3"]
[White "Nyiri, Daniel"]
[Black "Igaz, Peter"]
[Result "0-1"]
[WhiteElo "2047"]
[BlackElo "2042"]
[PlyCount "72"]
[EventDate "2003.09.28"]
[EventType "team"]
[EventRounds "11"]
[EventCountry "HUN"]
[SourceTitle "EXT 2009"]
[Source "ChessBase"]
[SourceDate "2008.11.26"]
[SourceVersion "1"]
[SourceVersionDate "2008.11.26"]
[SourceQuality "1"]
[WhiteTeam "Fuzesabony"]
[BlackTeam "Dunaharaszti II"]
[WhiteTeamCountry "HUN"]
[BlackTeamCountry "HUN"]

1. e4 c5 2. Nf3 Nc6 3. d4 cxd4 4. Nxd4 Nf6 5. Nc3 d6 6. Bc4 e6 7. 0-0 a6 8. a4 Qc7 9. Bb3 Be7 10. Be3 0-0 11. f4 Bd7 12. Qf3 Na5 13. Rad1 Nxb3 14. cxb3 Rfd8 15. g4 Bc6 16. g5 Nd7 17. Qh3 Nc5 18. f5 e5 19. Nxc6 bxc6 20. g6 fxg6 21. fxg6 hxg6 22. b4 Qd7 23. Qg3 Ne6 24. Qxg6 Rf8 25. Rf5 Rf6 26. Qg3 Rxf5 27. exf5 Nd4 28. Rxd4 exd4 29. Bxd4 Bf8 30. Qf4 d5 31. Be5 Re8 32. Na2 Qe7 33. Bc3 Qe2 34. Qg3 Qd1+ 35. Kg2 Re2+ 36. Kh3 Qf1+ 0-1

[Event "Fuzesabony op"]
[Site "Fuzesabony"]
[Date "2003.08.10"]
[Round "6"]
[White "Juhasz, Sandor"]
[Black "Nyiri, Daniel"]
[Result "1/2-1/2"]
[WhiteElo "2025"]
[BlackElo "2047"]
[PlyCount "35"]
[EventDate "2003.08.08"]
[EventType "swiss"]
[EventRounds "6"]
[EventCountry "HUN"]
[SourceTitle "EXT 2005"]
[Source "ChessBase"]
[SourceDate "2004.11.15"]
[SourceVersion "1"]
[SourceVersionDate "2004.11.15"]
[SourceQuality "1"]

1. e4 c5 2. Nf3 d6 3. d4 cxd4 4. Nxd4 Nf6 5. Nc3 a6 6. Bg5 e6 7. f4 Be7 8. Bd3 Qc7 9. 0-0 Nbd7 10. Kh1 b5 11. f5 e5 12. Nf3 Bb7 13. Qe2 Nc5 14. Bxf6 Bxf6 15. Nd5 Bxd5 16. exd5 0-0 17. Be4 Nxe4 18. Qxe4 1/2-1/2

[Event "HUN-chT2 Erkel 0203"]
[Site "Hungary"]
[Date "2003.03.23"]
[Round "9"]
[White "Nyiri, Daniel"]
[Black "Zala, Gyula"]
[Result "0-1"]
[WhiteElo "2022"]
[BlackElo "2175"]
[PlyCount "68"]
[EventDate "2002.09.22"]
[EventType "team"]
[EventRounds "11"]
[EventCountry "HUN"]
[SourceTitle "EXT 2009"]
[Source "ChessBase"]
[SourceDate "2008.11.26"]
[SourceVersion "1"]
[SourceVersionDate "2008.11.26"]
[SourceQuality "1"]

1. e4 g5 2. d4 Bg7 3. Nc3 h6 4. h4 g4 5. h5 a6 6. Be3 d6 7. Nge2 Nc6 8. Ng3 Nf6 9. Be2 b5 10. a3 e5 11. d5 Nd4 12. Bxd4 exd4 13. Na2 0-0 14. Nb4 Qe8 15. Qd3 Nd7 16. f3 Nc5 17. Qd2 Na4 18. Nd3 f5 19. Nxf5 Bxf5 20. exf5 gxf3 21. gxf3 Rxf5 22. 0-0-0 Rxh5 23. Rxh5 Qxh5 24. Nf4 Qe5 25. Bd3 Nc5 26. Ng6 Nxd3+ 27. Qxd3 Qe3+ 28. Qxe3 dxe3 29. Ne7+ Kh7 30. Nf5 Re8 31. Re1 Be5 32. Re2 Bf4 33. Nh4 Rg8 34. Ng2 Rxg2 0-1

[Event "HUN-chT2 Erkel 0203"]
[Site "Hungary"]
[Date "2003.03.02"]
[Round "8"]
[White "Seregely, Jozsef"]
[Black "Nyiri, Daniel"]
[Result "0-1"]
[WhiteElo "2116"]
[BlackElo "2022"]
[PlyCount "78"]
[EventDate "2002.09.22"]
[EventType "team"]
[EventRounds "11"]
[EventCountry "HUN"]
[SourceTitle "EXT 2009"]
[Source "ChessBase"]
[SourceDate "2008.11.26"]
[SourceVersion "1"]
[SourceVersionDate "2008.11.26"]
[SourceQuality "1"]

1. d4 Nf6 2. Nf3 g6 3. c3 Bg7 4. Bf4 d6 5. h3 0-0 6. Nbd2 Nbd7 7. e4 Nh5 8. Bh2 e5 9. g4 Nf4 10. dxe5 dxe5 11. Bxf4 exf4 12. Qc2 Nb6 13. 0-0-0 Qe7 14. Bd3 Be6 15. Kb1 c5 16. c4 a5 17. e5 f5 18. g5 Qc7 19. h4 Bf7 20. Rhe1 Rfe8 21. h5 Bxe5 22. Nxe5 Rxe5 23. Nf3 Rxe1 24. Rxe1 Re8 25. Rxe8+ Bxe8 26. h6 Bc6 27. Qe2 Qd6 28. b3 Kf8 29. Kc1 Bxf3 30. Qxf3 Nd7 31. Bc2 b6 32. Qa8+ Ke7 33. Qg8 Nf8 34. Qg7+ Ke8 35. Qb7 Qe6 36. Kd1 Qd7+ 37. Qxd7+ Nxd7 38. Ke2 Ke7 39. Kf3 Ne5+ 0-1

[Event "HUN-chT2 Erkel 0203"]
[Site "Hungary"]
[Date "2003.02.02"]
[Round "6"]
[White "Nyiri, Daniel"]
[Black "Rujzam, Gyorgy"]
[Result "1-0"]
[WhiteElo "2022"]
[BlackElo "2190"]
[PlyCount "63"]
[EventDate "2002.09.22"]
[EventType "team"]
[EventRounds "11"]
[EventCountry "HUN"]
[SourceTitle "EXT 2009"]
[Source "ChessBase"]
[SourceDate "2008.11.26"]
[SourceVersion "1"]
[SourceVersionDate "2008.11.26"]
[SourceQuality "1"]

1. e4 e6 2. d4 d5 3. exd5 exd5 4. Nf3 Bg4 5. Be2 Nc6 6. 0-0 Bd6 7. Nc3 Nge7 8. h3 Bh5 9. Nb5 Qd7 10. c3 f6 11. b4 Nc8 12. Qb3 Bf7 13. Re1 N6e7 14. a4 g5 15. Ne5 fxe5 16. dxe5 Bxb4 17. Bg4 Qd8 18. cxb4 h5 19. Bxc8 Nxc8 20. e6 Bg6 21. Qc3 Rh7 22. e7 Nxe7 23. Nxc7+ Kd7 24. Nxa8 g4 25. Bf4 Qxa8 26. Qc7+ Ke8 27. Bg5 Be4 28. Qe5 Qd8 29. Rac1 gxh3 30. Rc7 hxg2 31. Bxe7 Qxe7 32. Rxe7+ 1-0

[Event "HUN tt U20"]
[Site "Budapest"]
[Date "2001.12.27"]
[Round "1"]
[White "Antok, Daniel"]
[Black "Nyiri, Daniel"]
[Result "1-0"]
[WhiteElo "2185"]
[BlackElo "2015"]
[PlyCount "59"]
[EventDate "2001.12.27"]
[EventType "team"]
[EventRounds "7"]
[EventCountry "HUN"]
[SourceTitle "EXT 2004"]
[Source "ChessBase"]
[SourceDate "2003.11.25"]
[SourceVersion "1"]
[SourceVersionDate "2003.11.25"]
[SourceQuality "1"]

1. e4 c5 2. Nf3 d6 3. d4 cxd4 4. Nxd4 Nf6 5. Nc3 a6 6. Bc4 e6 7. 0-0 Be7 8. f4 Nc6 9. Be3 Nxd4 10. Bxd4 b5 11. Bd3 0-0 12. Kh1 Bb7 13. e5 dxe5 14. fxe5 Nd5 15. Ne4 Rc8 16. Qh5 g6 17. Qh6 f5 18. exf6 Bxf6 19. Bxf6 Nxf6 20. Qh3 Bd5 21. Ng5 Qd7 22. Rae1 Rcd8 23. Rf2 Nh5 24. Ref1 Rxf2 25. Rxf2 Rf8 26. Rxf8+ Kxf8 27. Qg4 Kg8 28. Nxh7 Qxh7 29. Bxg6 Qg7 30. Bxh5 1-0

[Event "Godal Memorial op"]
[Site "Fuzesabony"]
[Date "2000.08.20"]
[Round "9.9"]
[White "Mede, Istvan"]
[Black "Nyiri, Daniel"]
[Result "1-0"]
[WhiteElo "2162"]
[BlackElo "2026"]
[PlyCount "27"]
[EventDate "2000.08.20"]
[EventType "swiss (rapid)"]
[EventRounds "9"]
[EventCountry "HUN"]
[SourceTitle "EXT 2004"]
[Source "ChessBase"]
[SourceDate "2003.11.25"]
[SourceVersion "1"]
[SourceVersionDate "2003.11.25"]
[SourceQuality "1"]

1. e4 c5 2. Nf3 d6 3. d4 cxd4 4. Nxd4 Nf6 5. Nc3 a6 6. Bg5 e6 7. f4 Be7 8. Qf3 Nbd7 9. 0-0-0 Qc7 10. g4 e5 11. Nf5 Qc5 12. Nxg7+ Kf8 13. Bh6 Kg8 14. g5 1-0